000 01682nam0a2200349 4500
001 RU\NLR\bibl\1262333
005 20250615131546.0
010 _a978-5-06-005717-1
_92000
021 _aRU
_b2008-44025
_92437
035 _a(nilc)RSL-KNO-004049823
035 _a(NLR Aleph) 001248321
090 _a302844
_c302844
100 _a20080616d2008 |||y0rusy50 ca
101 0 _arus
102 _aRU
105 _aa zzzz|||||
200 1 _aОсновы токсикологии
_eучебное пособие для студентов высших учебных заведений, обучающихся по направлениям подготовки "Безопасность жизнедеятельности", "Защита окружающей среды"
_f[П. П. Кукин и др.]
210 _aМосква
_cВысшая шк.
_d2008
215 _a278, [1] с.
_cил., табл.
_d21
225 1 _aДля высших учебных заведений
_iБезопасность жизнедеятельности
320 _aБиблиогр.: с. 276-277
606 1 _aТоксикология
_jУчебные издания для высших учебных заведений
_9912263
_3RU\NLR\auth\6613700
610 0 _aЗдравоохранение. Медицинские науки -- Токсикология -- Учебник для высшей школы
686 _aР284я73-1
_2rubbk
686 _aР284я73
702 1 _aКукин
_bП. П.
_gПавел Павлович
_4220
801 0 _aRU
_bРКП
_c20080616
_grcr
801 1 _aRU
_bРГБ
_c20080616
801 2 _aRU
_bNLR
_c20080815
_grcr
942 _cBOOK
980 _aNB